| 000 | 00335nam a2200133 i 4500 | ||
|---|---|---|---|
| 001 | bg | ||
| 100 | 1 | _aLUZADDER WARREN, J. | |
| 245 | 0 |
_aFundamentals of Engeering Drawing... / _cJ. Luzadder Warren. |
|
| 260 |
_aEnglewood Cliffs, _c1959. |
||
| 040 | _cBPK | ||
| 041 | _apol | ||
| 942 | _cKS | ||
| 008 | s pl f |000 0 pol | ||
| 999 |
_c16254 _d16254 |
||
| 856 |
_uhttp://koha.tu.koszalin.pl/cgi-bin/koha/opac-detail.pl?biblionumber=16254 _yKatalog online BPK |
||